భారతదేశంలోని కేంద్రపాలిత ప్రాంతాలు - Statistics

General Stats
  • This quiz has been taken 3 times
  • The average score is 3 of 6
Answer Stats
కేంద్రపాలిత ప్రాంతాలు % Correct
దాద్రా, నగర్ హవేలీ, డామన్, డయ్యు
100%
చండీగఢ్
67%
ఢిల్లీ జాతీయ రాజధాని ప్రాంతం
67%
అండమాన్ నికోబార్ దీవులు
33%
లక్షద్వీపాలు
33%
పుదుచ్చేరి
33%
No matching quizzes found
Score Distribution
Percent of People with Each Score
Percentile by Number Answered
Your Score History
You have not taken this quiz